Ukreplenije vzaimosvjazi plana i rynka.

Prechod k trhu a jeho vplyv na zmeny v plánovaní. Úloha prognóz. Programovo-cieľová metóda plánovania. Výhody plánovo-trhovej regulácie pred živelným trhom. Nevýhody šokovej terapie a alternatívy inflácie. Plán a normalizácia trhu potravín a spotrebných tovarov. Plán, trh a konkurencia.

Salvato in:
Dettagli Bibliografici
Autore principale: Bačurin, A.
Natura: Capitolo di libro
Lingua:russo
Soggetti:
Tags: Aggiungi Tag
Nessun Tag, puoi essere il primo ad aggiungerne!!

MARC

LEADER 00000naa a2200000 4500
001 r005502
005 20221130103028.9
041 0 |a rus 
044 |a [SU] 
245 1 0 |a Ukreplenije vzaimosvjazi plana i rynka.  |c A. Bačurin 
520 |a Prechod k trhu a jeho vplyv na zmeny v plánovaní. Úloha prognóz. Programovo-cieľová metóda plánovania. Výhody plánovo-trhovej regulácie pred živelným trhom. Nevýhody šokovej terapie a alternatívy inflácie. Plán a normalizácia trhu potravín a spotrebných tovarov. Plán, trh a konkurencia. 
610 2 0 |a trh 
610 2 0 |a plánovanie 
610 2 0 |a prognózy hospodárske 
610 2 0 |a inflácia 
610 2 0 |a konkurencia 
610 2 0 |a potraviny 
610 2 0 |a tovar spotrebný 
610 2 0 |a ZSSR 
100 1 |a Bačurin, A.